| 000 | 00530nam a22001577a 4500 | ||
|---|---|---|---|
| 003 | NUST | ||
| 082 | _a200 | ||
| 100 |
_aAhmed, Ali _934806 |
||
| 245 |
_aExploring the rank awareness of Pakistani Khawaja Sara Community: An Interpretative analysis/ _cAli Ahmed, |
||
| 264 |
_aIslamabad : _bS3H. NUST, _c2023. |
||
| 300 |
_a207 p. ; _c30 cm. |
||
| 650 |
_aMS- Mass Communication _9114380 |
||
| 700 |
_aSupervisor: Ms. Joveria Hassan _9118447 |
||
| 856 | _uhttp://10.250.8.41:8080/xmlui/handle/123456789/37301 | ||
| 942 |
_2ddc _cSC |
||
| 999 |
_c603392 _d603392 |
||